000 01165nam a22002657a 4500
005 20240530110438.0
008 150415s2011 ua g 000 0dara d
017 _a2011/13347
_bمصر . دار الكتب المصرية
020 _a9789774219303
040 _aEG-CaGPL
082 0 4 _221
_a158\
_bد س
100 1 _aداينر ، اد
_qاد داينر
245 1 2 _aالسعادة :
_bكشف اسرار الثروة النفسية
_cتاليف اد داينر ، روبرت بيزواس - داينر ؛ ترجمة مها بكير ؛ مراجعة معتز سيد عبدالله
260 _aالقاهرة :
_bالمركز القومى للترجمة ،
_c2011 .
300 _a313 ص ؛
_c24 سم
490 0 _aالمشروع القومى للترجمة ؛
_v1866
650 0 4 _aالسعادة
650 0 4 _aالسعادة
_xاسباب
650 0 4 _aالسعادة
_xعلم النفس
700 1 _aداينر ، روبرت بيزواس
_eمؤلف مشارك
_qروبرت بيزواس
700 0 _aمها بكير
_eمترجم
700 0 _aمعتز سيد عبدالله
_eمراجع
942 _2ddc
_cBK
999 _c60996
_d60996